| 000 | 00620nam a22001817a 4500 | ||
|---|---|---|---|
| 003 | OSt | ||
| 005 | 20240618105655.0 | ||
| 008 | 240618b ||||| |||| 00| 0 eng d | ||
| 040 | _cAIMIT LIBRARY | ||
| 100 |
_aArun raj, M. _e2116091 _9171084 |
||
| 245 |
_aTo study on the impact of workplace environment on employee productivity / _cBy M Arun Raj ; Guided by Dhananjaya K. |
||
| 260 |
_aBengaluru ; _c2023. |
||
| 650 |
_aLiterature review objectives and conceptual framework _9171085 |
||
| 650 |
_aResearch methodology _9171086 |
||
| 700 |
_aK Dhananjaya. _eGuide _9171087 |
||
| 856 | _3Kddl limited | ||
| 942 |
_2ddc _cPRO |
||
| 999 |
_c231205 _d231205 |
||